000 00491nam a2200181Ia 4500
001 3993
005 20260306145723.0
008 260306t2019||||xx |||||||||||||| ||spa||
041 _aESP
082 _a306.0985
_bR73
100 _aRodríguez Cuadros, Manuel,
_eAUT
245 0 _aEl Perú en el sistema internacional del patrimonio cultural y natural de la humanidad
260 _c2019
300 _a602 páginas :
_c25 cm.
650 _aGEN
654 _aCHU
942 _cLIB
_dJUS
_fJUS
_2ddc
_n
999 _c3993
_d3993